000 00625nam a22002057a 4500
005 20251108170907.0
008 250721s9999 xx 000 0 ara d
082 1 4 _aط/629.4/جات
100 1 _aجاتلاند، كينيث
245 1 0 _aسفر الفضاء /
250 _aطبعة مزيدة ومنقحة
264 1 _aالقاهرة :
_bدار الشروق،
_c[19-].
300 _a31ص : مص
490 0 _aكتاب العالم الصغير عن
650 1 7 _aالفضاء
650 1 7 _aالمركبات الفضائية
700 1 _aعنايت، راجي
_eترجمة
942 _2ddc
_cBK
999 _c51515
_d51515